00382pab a2200133 454500008004000000100001900040245006500059260000900124300001300133362001200146650002300158650002300181773004400204180718b1959 xxu||||| |||| 00| 0 eng d aRamayyar, M.S. aFinancial control over expenditure in the central government c1959 ap.19-38. aJan-Mar aCentral government aPublic expenditure aIndian Journal of Public Administration